书目信息 |
| 题名: |
罗马帝国衰亡史
|
|
| 作者: | 吉本 | |
| 分册: | ||
| 出版信息: | 海口 海南出版社 2001 |
|
| 页数: | 677 | |
| 开本: | 20 cm | |
| 丛书名: | ||
| 单 册: | ||
| 中图分类: | K542 | |
| 科图分类: | ||
| 主题词: | 南欧--历史 | |
| 电子资源: | ||
| ISBN: | 7-5443-0001-3 | |
| 000 | 00477nam0 2200181 450 | |
| 001 | 0757995392 | |
| 005 | 20071007160635.39 | |
| 010 | @a7-5443-0001-3@d38 | |
| 100 | @a20071007d km y0chiy0120 ea | |
| 101 | 0 | @achi |
| 200 | 1 | @a罗马帝国衰亡史@Aluo ma di guo shuai wang shi@f吉本@Fji ben |
| 210 | @a海口@c海南出版社@d2001 | |
| 215 | @a677@d20 cm | |
| 606 | 0 | @a南欧@x历史 |
| 690 | @aK542@v3 | |
| 701 | 0 | @a吉本@Aji ben |
| 801 | 0 | @aCN@bPFT@c20071007 |
| 905 | @a213230@dK542@ea2@f1 | |
| 罗马帝国衰亡史/吉本.-海口:海南出版社,2001 |
| 677;20 cm |
| ISBN 7-5443-0001-3:38 |
| ● |
| 相关链接 |
|
|
|
|
正题名:罗马帝国衰亡史
索取号:K542/a2
 
预约/预借
| 序号 | 登录号 | 条形码 | 馆藏地/架位号 | 状态 | 备注 |
| 1 | 7508952 | 275089529 | 史法系资料室/ [索取号:K542/a2] | 在馆 |